| 000 | 01851nam0a2200349 i 4500 | ||
|---|---|---|---|
| 001 | RU\NLR\BIBL_A\010862069 | ||
| 005 | 20260406005216.0 | ||
| 010 |
_a9785997334635 _928 |
||
| 021 |
_aRU _b2015-70860 _94240 |
||
| 035 | _a(NILC)RuMoRGB-008019810 | ||
| 035 | _a(NLR Aleph) 010862069 | ||
| 090 |
_a10425737 _c10425737 |
||
| 100 | _a20151015d2015 k y0rusy50 ca | ||
| 101 | 0 | _arus | |
| 102 | _aRU | ||
| 105 | _aa|||z|||100yy | ||
| 200 | 1 |
_aЭкономические науки в России и за рубежом _eматериалы XX международной научно-практической конференции (14.08.2015) _f[редкол.: д.э.н., проф. Л.В. Акимова, д.э.н., проф., засл. экономист Респ. Башкортостан М. К. Аристархова] |
|
| 210 |
_aМосква _cСпутник+ _d2015 |
||
| 215 |
_a30 с. _cил. _d21 |
||
| 300 | _aВ надзаг.: Науч. журн. "Проблемы экономики" и изд-во "Спутник+" | ||
| 320 | _aБиблиогр. в конце ст. | ||
| 606 |
_aЭкономика _jСъезды, совещания и т.п _91414491 _3RU\NLR\AUTH\66284709 |
||
| 675 | _a330 | ||
| 686 | 1 | _aУ.я431 | |
| 702 | 1 |
_4340 _7ca _8rus _aАкимова _bЛ. В. _cд-р экон. наук _gЛена Васильевна _997623 _3RU\NLR\AUTH\77114698 |
|
| 711 | 1 | 2 |
_a"Экономические науки в России и за рубежом", международная научно-практическая конференция _d20 _eМосква _f2015 _9488183 _3RU\NLR\AUTH\880411322 |
| 801 | 0 |
_aRU _bРГБ _c20150914 _gRCR |
|
| 801 | 2 |
_aRU _bРГБ _c20150916 _grcr |
|
| 942 | _cBOOK | ||
| 980 | _aNBR | ||